Normal view
MARC view
Entry Personal Name
001 - CONTROL NUMBER
- control field: 40740
003 - CONTROL NUMBER IDENTIFIER
- control field: dpl
005 - DATE AND TIME OF LATEST TRANSACTION
- control field: 20120203152227.0
008 - FIXED-LENGTH DATA ELEMENTS
- fixed length control field: 120203|||a|||||| | ||| d
040 ## - CATALOGING SOURCE
- Original cataloging agency: dpl
- Transcribing agency: dpl
100 ## - HEADING--PERSONAL NAME
- Personal name: Clark, Scott H. A.
670 ## - SOURCE DATA FOUND
- Source citation: Work cat.: (dpl): Clark, Scott H. A., Faster smarter /, 2003
670 ## - SOURCE DATA FOUND
- Source citation: Work cat.: (dpl): Clark, Scott H. A., Faster smarter /, 2003
